| 000 | 01190cam a22003497a 4500 | ||
|---|---|---|---|
| 003 | CHAP | ||
| 005 | 20220817043435.0 | ||
| 008 | 980427d1996 mx a r 00110 spa d | ||
| 010 | _a75423 | ||
| 011 | _a76395 | ||
| 035 | _a85979 | ||
| 040 | _cCHAP | ||
| 090 | _aTesis | ||
| 100 | 0 | 0 |
_aSantamaría Romero, Salustio. _9102284 |
| 245 | 1 | 0 |
_aAspectos biotecnológicos del proceso vermicomposteo y su aplicación agronómica _c/por Salustio Santamaría Romero |
| 260 |
_aXalapa, Ver. : _bEl autor, _c1996. |
||
| 300 |
_a67 h. : _bilus. : gráfs. |
||
| 502 | _aTesis (Ing. Agr.) -- Universidad Veracruzana. Facultad de Ciencias Agrícolas | ||
| 590 |
_aALEPH _b10 _c20130110 _lUCH01 _h1424 |
||
| 590 |
_aBATCH-UPD _b10 _c20130110 _lUCH01 _h1741 |
||
| 590 |
_aBATCH-UPD _b10 _c20130410 _lUCH01 _h1121 |
||
| 590 |
_aBATCH-UPD _b10 _c20130914 _lUCH01 _h0640 |
||
| 590 |
_aBATCH-UPD _b10 _c20130914 _lUCH01 _h2142 |
||
| 590 |
_aCONVERSION _b10 _c20130109 _lUCH01 _h1341 |
||
| 650 | 1 | 4 |
_aBiotecnología. _912878 |
| 650 | 1 | 4 |
_aEisenia foetida. _935829 |
| 650 | 1 | 4 | _aVermicompost. |
| 901 | _aBK | ||
| 905 | _aAlejandra Carrasco M. | ||
| 942 | _cTESIS | ||
| 949 |
_bBC _cTES _d859791 _eTS1 _h32254 _i85979 _sb |
||
| 999 |
_c75423 _d75423 |
||